[Event "Vilafranca del Penedes op 12th"]
[Site "Vilafranca del Penedes"]
[Date "2018.04.06"]
[Round "1"]
[White "Gallego Bergada, Antoni"]
[Black "Lopez Bautista, Ferran"]
[Result "1-0"]
[WhiteElo "2152"]
[BlackElo "1739"]
[PlyCount "55"]
[EventDate "2018.04.06"]
[EventType "swiss"]
[EventRounds "8"]
[EventCountry "ESP"]
[SourceTitle "CBM 184 Extra"]
[Source "ChessBase"]
[SourceDate "2018.06.28"]
[SourceVersion "1"]
[SourceVersionDate "2018.06.28"]
[SourceQuality "1"]

1. e4 d6 2. d4 Nf6 3. Nc3 g6 4. f4 Bg7 5. Nf3 Bg4 6. Be3 Nc6 7. Qd2 Bxf3 8. gxf3 e5 9. fxe5 dxe5 10. d5 Nd4 11. Bxd4 exd4 12. Qxd4 0-0 13. Qd2 Nd7 14. 0-0-0 Qh4 15. Kb1 a6 16. Qe1 Qe7 17. Bd3 b5 18. f4 Nc5 19. e5 Rfd8 20. Bf1 b4 21. Ne4 Nxe4 22. Qxe4 c5 23. Bc4 Qb7 24. h4 f5 25. d6+ Qf7 26. Bxf7+ Kxf7 27. e6+ Kg8 28. Qd5 1-0